000 00566nam a2200193Ia 4500
005 20250508151821.0
008 008 250505s9999 xx 000 0 eng d
037 _aTextual
040 _aFEDL
_beng
_cFEDL
041 _aeng
_2eng
084 _a371.4, PAT
_qFEDL
100 _aPatel Shivabhai
_9760057
245 0 _aJeewan dwara shikshan (Gujrati)
260 _aAhmedabad, India
_bGujrat Vidyapith
_c1950
300 _a154p.
650 _aEducational - Guideance and Counseling
_9757599
942 _cTEXL
_h371.4, PAT
999 _c1332285
_d1332285